[Event "WC-2014-S-00001"]
[Site "LSS email"]
[Date "2014.10.12"]
[Round "?"]
[White "Archer, J Robert"]
[Black "Bergmann, Michael"]
[Result "1-0"]
[WhiteElo "2204"]
[BlackElo "2528"]
[PlyCount "89"]
[EventDate "2014.10.15"]
[EventType "tourn (corr)"]
[EventRounds "12"]
[EventCountry "GER"]
[SourceTitle "Corr 2024"]
[Source "ChessBase"]
[SourceDate "2023.10.19"]
[SourceVersion "1"]
[SourceVersionDate "2023.10.19"]
[SourceQuality "1"]

1. d4 Nf6 2. c4 e6 3. Nc3 d5 4. Bg5 Be7 5. e3 h6 6. Bh4 0-0 7. Nf3 b6 8. Bd3 Bb7 9. 0-0 Nbd7 10. Qe2 c5 11. Bg3 Ne4 12. cxd5 Nxg3 13. hxg3 exd5 14. Rad1 c4 15. Bf5 Nf6 16. Ne5 a6 17. a4 Qc7 18. g4 g6 19. Bb1 Bd6 20. f4 Rae8 21. Rf2 Qc8 22. Rdf1 Bc7 23. Nd1 b5 24. g5 hxg5 25. f5 Rxe5 26. fxg6 fxg6 27. dxe5 Bxe5 28. Bxg6 Kg7 29. Rf5 Bh2+ 30. Kxh2 Kxg6 31. e4 dxe4 32. Ne3 Qb8+ 33. Kg1 Bc8 34. R5f2 Qe5 35. Qd2 Kg7 36. a5 Be6 37. Nf5+ Kg6 38. Ne7+ Kg7 39. Nc6 Qc5 40. Qd4 Qxd4 41. Nxd4 Bg4 42. Nf5+ Bxf5 43. Rxf5 g4 44. Re5 Kf7 45. Rd1 1-0

[Event "WC-2014-S-00001"]
[Site "LSS email"]
[Date "2014.10.12"]
[Round "?"]
[White "Archer, J Robert"]
[Black "Cornel, Matei"]
[Result "1-0"]
[WhiteElo "2204"]
[BlackElo "2461"]
[PlyCount "121"]
[EventDate "2014.10.15"]
[EventType "tourn (corr)"]
[EventRounds "12"]
[EventCountry "GER"]
[SourceTitle "Corr 2024"]
[Source "ChessBase"]
[SourceDate "2023.10.19"]
[SourceVersion "1"]
[SourceVersionDate "2023.10.19"]
[SourceQuality "1"]

1. d4 d5 2. c4 c6 3. Nf3 Nf6 4. Nc3 e6 5. Bg5 h6 6. Bh4 dxc4 7. e4 g5 8. Bg3 b5 9. Be2 Bb7 10. h4 g4 11. Ne5 Nbd7 12. Nxd7 Qxd7 13. Be5 Qe7 14. 0-0 Rg8 15. b3 Nd7 16. Bg3 b4 17. Na4 c3 18. a3 a5 19. Qc1 h5 20. Rd1 Qf6 21. e5 Qe7 22. Qe3 Rg6 23. Bf4 Qxh4 24. Nc5 Nxc5 25. dxc5 Qe7 26. axb4 axb4 27. Rxa8+ Bxa8 28. Qe4 g3 29. fxg3 c2 30. Rd6 h4 31. Qxc2 hxg3 32. Qa2 Bb7 33. Qa7 Bc8 34. Qb6 Bd7 35. Rd4 Qd8 36. Qxb4 Bh6 37. Bxh6 Rxh6 38. Bf3 Qc7 39. Qd2 Rg6 40. Kf1 Qb7 41. Ke2 Qc7 42. Kd1 Qa7 43. Ra4 Qxc5 44. Qd6 Qxd6+ 45. exd6 Kd8 46. Ra8+ Bc8 47. Bxc6 e5 48. Bb7 Rxd6+ 49. Ke2 Kc7 50. Bxc8 Rb6 51. Bf5 Rf6 52. Bh3 Rb6 53. Ra7+ Kc6 54. Rxf7 Rxb3 55. Re7 Kc5 56. Rxe5+ Kd4 57. Re8 Ra3 58. Bf5 Ra2+ 59. Kf3 Rf2+ 60. Kxg3 Rxf5 61. Kh4 1-0

[Event "FICGS W-ch final email"]
[Site "FICGS email"]
[Date "2013.03.24"]
[Round "1"]
[White "Archer, J Robert"]
[Black "Zeman, Martin"]
[Result "1-0"]
[WhiteElo "2473"]
[BlackElo "2308"]
[PlyCount "57"]
[EventDate "2013.??.??"]
[EventType "tourn (corr)"]
[EventRounds "6"]
[EventCategory "5"]
[SourceTitle "Corr 2022"]
[Source "ChessBase"]
[SourceDate "2021.10.24"]
[SourceVersion "1"]
[SourceVersionDate "2021.10.24"]
[SourceQuality "1"]

1. d4 Nf6 2. c4 g6 3. Nc3 Bg7 4. e4 d6 5. Nf3 0-0 6. Be2 e5 7. 0-0 Nc6 8. d5 Ne7 9. Ne1 Nd7 10. Be3 f5 11. f3 f4 12. Bf2 g5 13. Rc1 Rf6 14. Nd3 b6 15. b4 Rh6 16. c5 a6 17. Re1 Nf6 18. h3 Nh5 19. Qc2 Ng3 20. Bd1 bxc5 21. bxc5 Ng6 22. Bxg3 fxg3 23. Ne2 Bxh3 24. Nxg3 Bc8 25. Nf2 Nf4 26. Ng4 Rg6 27. Nf5 Bf8 28. g3 Nh5 29. c6 1-0

[Event "FICGS W-ch final email"]
[Site "FICGS email"]
[Date "2013.03.24"]
[Round "1"]
[White "Legrand, Stephane"]
[Black "Archer, J Robert"]
[Result "1/2-1/2"]
[WhiteElo "2303"]
[BlackElo "2473"]
[PlyCount "70"]
[EventDate "2013.??.??"]
[EventType "tourn (corr)"]
[EventRounds "6"]
[EventCategory "5"]
[SourceTitle "Corr 2022"]
[Source "ChessBase"]
[SourceDate "2021.10.24"]
[SourceVersion "1"]
[SourceVersionDate "2021.10.24"]
[SourceQuality "1"]

1. d4 Nf6 2. c4 e6 3. g3 d5 4. Nf3 Be7 5. Bg2 0-0 6. 0-0 dxc4 7. Qc2 a6 8. a4 Bd7 9. Rd1 Bc6 10. Nc3 Bxf3 11. Bxf3 Nc6 12. Bxc6 bxc6 13. Bg5 Rb8 14. a5 Rb4 15. Na2 Rb5 16. Bxf6 Bxf6 17. Nc3 Rb4 18. Na2 Rb5 19. Nc3 Rb4 20. Na2 Rb8 21. Nc3 Be7 22. e3 Qd6 23. Rd2 h6 24. Ra4 Rb4 25. Na2 Rxa4 26. Qxa4 Rb8 27. Qxc4 c5 28. Nc3 Rb4 29. Qxc5 Qxc5 30. dxc5 Bxc5 31. Rd8+ Kh7 32. Rd7 Rxb2 33. Rxc7 Bb4 34. Ne4 Kg6 35. Rc6 Bxa5 1/2-1/2

[Event "WC-2012-T-00001"]
[Site "LSS email"]
[Date "2012.12.29"]
[Round "?"]
[White "Archer, J Robert"]
[Black "Szabo, Vilmos"]
[Result "1/2-1/2"]
[WhiteElo "2080"]
[BlackElo "2499"]
[PlyCount "111"]
[EventDate "2013.01.02"]
[EventType "tourn (corr)"]
[EventRounds "10"]
[EventCountry "GER"]
[SourceTitle "Corr 2022"]
[Source "ChessBase"]
[SourceDate "2021.10.24"]
[SourceVersion "1"]
[SourceVersionDate "2021.10.24"]
[SourceQuality "1"]

1. e4 e5 2. Nf3 Nc6 3. Bb5 a6 4. Ba4 Nf6 5. 0-0 Be7 6. Re1 b5 7. Bb3 d6 8. c3 0-0 9. h3 Na5 10. Bc2 c5 11. d4 cxd4 12. cxd4 Re8 13. Nc3 exd4 14. Nxd4 Bd7 15. b3 Rc8 16. Bb2 Nc6 17. Rc1 Bf8 18. Bb1 b4 19. Nd5 Nxd5 20. Nxc6 Bxc6 21. exd5 Rxe1+ 22. Qxe1 Bxd5 23. Rxc8 Qxc8 24. Qxb4 Bb7 25. Bd3 Qc6 26. f3 h6 27. Qf4 Qc8 28. b4 Bc6 29. a3 Bb5 30. Qf5 Qxf5 31. Bxf5 Be7 32. g3 h5 33. h4 g5 34. hxg5 Bxg5 35. f4 Bd8 36. Bd4 d5 37. Bc8 Bc4 38. Bb7 h4 39. Kg2 hxg3 40. Kxg3 f6 41. Bc5 Kf7 42. Kf2 Bc7 43. Kf3 Ke8 44. Bc6+ Kd8 45. Ba4 Kc8 46. Bc2 Kd8 47. Bf5 a5 48. Bd4 Ke7 49. Bc5+ Kd8 50. Bg4 axb4 51. axb4 Ke8 52. Ke3 Bb8 53. Bf5 Kd8 54. Bc2 Kd7 55. Ba4+ Kc8 56. Bc6 1/2-1/2

[Event "WC-2012-T-00001"]
[Site "LSS email"]
[Date "2012.12.29"]
[Round "?"]
[White "Archer, J Robert"]
[Black "Yarmolyuk, Yury"]
[Result "1-0"]
[WhiteElo "2080"]
[BlackElo "2240"]
[PlyCount "91"]
[EventDate "2013.01.02"]
[EventType "tourn (corr)"]
[EventRounds "10"]
[EventCountry "GER"]
[SourceTitle "Corr 2022"]
[Source "ChessBase"]
[SourceDate "2021.10.24"]
[SourceVersion "1"]
[SourceVersionDate "2021.10.24"]
[SourceQuality "1"]

1. d4 Nf6 2. c4 g6 3. Nc3 Bg7 4. e4 d6 5. Nf3 0-0 6. Be2 e5 7. 0-0 Nc6 8. d5 Ne7 9. Ne1 Nd7 10. Be3 f5 11. f3 f4 12. Bf2 g5 13. Rc1 Rf6 14. Nd3 Rh6 15. c5 a6 16. Qb3 Kh8 17. Rfd1 b6 18. cxb6 cxb6 19. Qa3 Bb7 20. Nb1 a5 21. Nd2 Ba6 22. Nc4 Nc5 23. Nxc5 dxc5 24. b3 Nc8 25. Qb2 Qc7 26. a3 Nd6 27. Nxd6 Bxe2 28. Qxe2 Qxd6 29. b4 cxb4 30. axb4 Qxb4 31. Rc4 Qf8 32. Qc2 Rd6 33. Rc6 Rb8 34. Rb1 b5 35. Bc5 Rxc6 36. dxc6 Qe8 37. Bd6 Rc8 38. c7 b4 39. Qc5 Qd7 40. Rd1 b3 41. Rd5 b2 42. Qb6 Rxc7 43. Bxc7 b1Q+ 44. Qxb1 Qxc7 45. h3 h5 46. Qb5 1-0

[Event "WC-2012-T-00001"]
[Site "LSS email"]
[Date "2012.12.29"]
[Round "?"]
[White "Van Seben, Edgar"]
[Black "Archer, J Robert"]
[Result "1/2-1/2"]
[WhiteElo "2512"]
[BlackElo "2080"]
[PlyCount "162"]
[EventDate "2013.01.02"]
[EventType "tourn (corr)"]
[EventRounds "10"]
[EventCountry "GER"]
[SourceTitle "Corr 2022"]
[Source "ChessBase"]
[SourceDate "2021.10.24"]
[SourceVersion "1"]
[SourceVersionDate "2021.10.24"]
[SourceQuality "1"]

1. c4 e5 2. Nc3 Nf6 3. g3 d5 4. cxd5 Nxd5 5. Bg2 Nb6 6. Nf3 Nc6 7. 0-0 Be7 8. a3 0-0 9. b4 Be6 10. Rb1 f6 11. d3 a5 12. b5 Nd4 13. Nd2 Qc8 14. e3 Nf5 15. Qc2 Rd8 16. Rd1 Nd6 17. Nce4 Nf7 18. f4 Bd5 19. Nf3 Bxe4 20. dxe4 Rxd1+ 21. Qxd1 Qe6 22. Qc2 a4 23. Bf1 Rc8 24. Bd3 c5 25. bxc6 Rxc6 26. Qe2 g6 27. Qb2 Qd6 28. Be2 Qc5 29. Kg2 Kf8 30. Ne1 Kg7 31. Nd3 Qd6 32. Nf2 Qc7 33. Bd1 Kg8 34. Qa1 Bf8 35. h4 Nd6 36. h5 Ndc4 37. hxg6 hxg6 38. Ng4 Kg7 39. Be2 Bd6 40. Bb2 Nd7 41. Rc1 b5 42. Bd3 Rc5 43. Bc3 Bf8 44. Kf3 Qc6 45. Rc2 Be7 46. Qc1 Ncb6 47. Qh1 Rxc3 48. f5 Bf8 49. Qh6+ Kf7 50. Qh7+ Ke8 51. Bxb5 Qxb5 52. Qxg6+ Ke7 53. Rxc3 Nc4 54. Qh7+ Kd8 55. Rd3 Nd6 56. Rd5 Qf1+ 57. Nf2 Qc4 58. Qh1 Kc7 59. Rd1 Qc6 60. Qh8 Qc5 61. Rd3 Qc2 62. Qh7 Qc4 63. g4 Kc6 64. Rd5 Nb6 65. Rd1 Nf7 66. Qg6 Be7 67. Kg3 Kc7 68. Qh7 Nc8 69. Qg6 Ng5 70. Qe8 Bd6 71. Kh4 Qc2 72. Kh5 Nxe4 73. Nxe4 Qxd1 74. Nxf6 Bxa3 75. Qxe5+ Bd6 76. Ne8+ Kb6 77. Qb2+ Qb3 78. Qd4+ Kc6 79. Qe4+ Kd7 80. Nf6+ Kc7 81. g5 a3 1/2-1/2

[Event "FICGS W-ch st1 gM 01 email"]
[Site "FICGS email"]
[Date "2012.01.01"]
[Round "1"]
[White "Archer, J Robert"]
[Black "Boehme, Sebastian"]
[Result "1-0"]
[WhiteElo "2307"]
[BlackElo "2369"]
[PlyCount "77"]
[EventDate "2012.??.??"]
[EventType "tourn (corr)"]
[EventRounds "6"]
[EventCategory "1"]
[SourceTitle "Corr 2022"]
[Source "ChessBase"]
[SourceDate "2021.10.24"]
[SourceVersion "1"]
[SourceVersionDate "2021.10.24"]
[SourceQuality "1"]

1. d4 d5 2. c4 e6 3. Nf3 Nf6 4. g3 Be7 5. Bg2 0-0 6. 0-0 dxc4 7. Qc2 a6 8. Qxc4 b5 9. Qc2 Bb7 10. Bd2 Bd6 11. a4 Nbd7 12. Ba5 Ra7 13. Rc1 Qa8 14. Qd1 Rc8 15. b4 Nd5 16. Qb3 N5f6 17. Qb2 bxa4 18. Rxa4 Bd5 19. Nc3 Bc6 20. Raa1 Rb8 21. Na4 Bxb4 22. Bxb4 Nd5 23. Ng5 Rxb4 24. Qc2 h6 25. Qh7+ Kf8 26. Qh8+ Ke7 27. Qxg7 hxg5 28. Nc5 Nxc5 29. Qxg5+ Kd7 30. Rxc5 Rb5 31. e4 Rxc5 32. dxc5 Qh8 33. Rd1 Ba4 34. c6+ Ke8 35. Rb1 Nb6 36. e5 a5 37. Qf4 Ra6 38. Rb2 Qh5 39. h3 1-0

[Event "FICGS W-ch st1 gM 01 email"]
[Site "FICGS email"]
[Date "2012.01.01"]
[Round "1"]
[White "Khachaturov, Vadim"]
[Black "Archer, J Robert"]
[Result "1/2-1/2"]
[WhiteElo "2355"]
[BlackElo "2307"]
[PlyCount "52"]
[EventDate "2012.??.??"]
[EventType "tourn (corr)"]
[EventRounds "6"]
[EventCategory "1"]
[SourceTitle "Corr 2022"]
[Source "ChessBase"]
[SourceDate "2021.10.24"]
[SourceVersion "1"]
[SourceVersionDate "2021.10.24"]
[SourceQuality "1"]

1. d4 Nf6 2. c4 e6 3. Nf3 d5 4. Nc3 Be7 5. Bf4 0-0 6. e3 Nbd7 7. Qc2 c5 8. 0-0-0 cxd4 9. Rxd4 Qa5 10. cxd5 Nxd5 11. Nxd5 exd5 12. Bd3 g6 13. Bc7 Nb6 14. Kb1 Bd7 15. Ne5 Be6 16. f4 Qc5 17. f5 Qxc2+ 18. Bxc2 gxf5 19. Rf1 Bc5 20. Rh4 Rac8 21. Bxb6 Bxb6 22. Rf3 Bc7 23. Nd3 Rfe8 24. Nf4 Be5 25. a3 Rc7 26. Ne2 Rec8 1/2-1/2

[Event "FICGS W-ch st1 gM 01 email"]
[Site "FICGS email"]
[Date "2011.04.01"]
[Round "1"]
[White "Archer, J Robert"]
[Black "Koslowski, Volker"]
[Result "1/2-1/2"]
[WhiteElo "2249"]
[BlackElo "2253"]
[PlyCount "85"]
[EventDate "2011.??.??"]
[EventType "tourn (corr)"]
[EventRounds "6"]
[EventCategory "1"]
[SourceTitle "Corr 2013"]
[Source "ChessBase"]
[SourceDate "2012.11.12"]
[SourceVersion "1"]
[SourceVersionDate "2012.11.12"]
[SourceQuality "1"]

1. d4 d5 2. c4 c6 3. Nf3 Nf6 4. Nc3 e6 5. Bg5 h6 6. Bh4 dxc4 7. e4 g5 8. Bg3 b5 9. Be2 Bb7 10. 0-0 Nbd7 11. Ne5 Bg7 12. Nxd7 Nxd7 13. Bd6 a6 14. a4 e5 15. Bg4 exd4 16. e5 c5 17. Re1 Nxe5 18. Bxe5 0-0 19. Bxg7 Kxg7 20. Ne2 f5 21. Bh5 f4 22. Nxd4 cxd4 23. Re6 Rf6 24. Qe1 Bd5 25. Re7+ Kg8 26. axb5 Qd6 27. h3 a5 28. Rxa5 Rxa5 29. Re8+ Rf8 30. Rxf8+ Qxf8 31. Qxa5 Qe7 32. Kh2 f3 33. b6 Qd6+ 34. g3 c3 35. bxc3 dxc3 36. Bg6 h5 37. Bxh5 c2 38. b7 c1Q 39. Qa8+ Kh7 40. b8Q Qxg3+ 41. Qxg3 Bxa8 42. Qe5 Qf4+ 43. Qxf4 1/2-1/2

[Event "LSS WC-2013-S-00013"]
[Site "LSS email"]
[Date "2010.07.20"]
[Round "?"]
[White "Archer, J Robert"]
[Black "Felicio, Clairton"]
[Result "1-0"]
[WhiteElo "2068"]
[BlackElo "2285"]
[PlyCount "77"]
[EventDate "2010.07.25"]
[EventType "tourn (corr)"]
[EventRounds "10"]
[EventCountry "GER"]
[SourceTitle "Corr 2015"]
[Source "ChessBase"]
[SourceDate "2015.07.17"]
[SourceVersion "1"]
[SourceVersionDate "2015.07.17"]
[SourceQuality "1"]

1. d4 Nf6 2. c4 e6 3. Nf3 Bb4+ 4. Bd2 c5 5. Bxb4 cxb4 6. g3 0-0 7. Bg2 d6 8. 0-0 Nc6 9. a3 Qb6 10. Qb3 Bd7 11. e3 bxa3 12. Qxa3 Nb4 13. Rc1 Rfc8 14. Nbd2 a5 15. Nb3 Nd3 16. Rc3 Nxf2 17. Nfd2 N2g4 18. h3 Nh6 19. g4 Nfxg4 20. hxg4 Nxg4 21. Ne4 d5 22. Nd6 Rc6 23. Nd2 Qa6 24. Nxf7 Kxf7 25. Rf1+ Nf6 26. Nf3 Rc7 27. Ne5+ Ke8 28. Bf3 Rxc4 29. Rxc4 dxc4 30. Qc5 Rc8 31. Bh5+ Kd8 32. Nf7+ Ke8 33. Qg5 Ke7 34. Ne5 Kd6 35. Nxd7 Nxd7 36. Qg3+ Kc6 37. Rf7 Rd8 38. Re7 Kb5 39. Qg5+ 1-0